Herr Johannes Ronge mit Gründen widerlegt, für Katholiken und Protestanten /

Hlavní autor: Ronge, Johannes, 1813-1887
Jazyk: Němčina
Vydáno: Mainz : Kirchheim, Schott und Thielmann, 1844
Fyzický popis: 68 s.
Knihy
Uloženo v:
LEADER 00766nam a22002172a 4500
001 001402558
003 CZ BrMZK
005 20140710121657.0
007 ta
008 140710s1844 gw er|||||||||||ger d
040 |a BOA001  |b cze 
100 1 |a Ronge, Johannes,  |d 1813-1887  |4 aut 
245 1 0 |a Herr Johannes Ronge mit Gründen widerlegt, für Katholiken und Protestanten /  |c Johannes Ronge 
260 |a Mainz :  |b Kirchheim, Schott und Thielmann,  |c 1844 
300 |a 68 s. 
501 |a Přívazek k: Die Verehrung heiliger Reliquien und Bilder, und das Wallfahrten nach der Lehre der katholischen Kirche / Mauritius Moritz 
910 |a BOA001  |b 2-0127.609,přív.5 
990 |a BK 
993 |a Y 
991 |b 201407 
994 |a UP  |l MZK01  |b 001402503  |m přívazek 5  |n záznam 1. díla